| 000 | 00571nam a2200193Ia 4500 | ||
|---|---|---|---|
| 003 | IN-BaIIA | ||
| 008 | 211028s9999 xx 000 0 eng d | ||
| 040 | _cIIA Library | ||
| 080 |
_a52-77 _bRAD |
||
| 245 | 0 |
_aRadar astronomy _cedited by John V. Evans and Tar Hagfors |
|
| 260 |
_aNew York _bMcGraw-Hill _c1968 |
||
| 300 | _axx, 620p. | ||
| 650 |
_a Radar astronomy _97996 |
||
| 650 |
_a Radio telescopes _97997 |
||
| 650 |
_aAstronomy and astrophysics thesaurus _91143 |
||
| 700 |
_aEvans, John V., ed. _95439 |
||
| 700 |
_aTar, Hagfors., ed. _97998 |
||
| 942 | _cBK | ||
| 999 |
_c4552 _d4552 |
||